000 01363cam a22003134a 4500
999 _c7003
_d7003
001 13463571
003 OSt
005 20210823154613.0
008 040121s2004 nhua b 101 0 eng
010 _a 2004042855
020 _a1578083354
040 _aDLC
_cDLC
_dDLC
042 _apcc
043 _aw------
082 0 0 _a577.145SYM 2004.
111 2 _aInternational Workshop on Biological Nitrogen Fixation for Increased Crop Productivity, Enhanced Human Health, and Sustained Soil Fertility
_d(2002 :
_cMontpellier, France)
_914365
245 1 0 _aSymbiotic nitrogen fixation :
_bprospects for enhanced application in tropical agriculture /
_ceditor, Rachid Serraj.
260 _aEnfield, NH :
_bScience Publishers,
_cc2004.
300 _axiii, 367 p. :
_bill. (some col.), col. map ;
_c25 cm.
504 _aIncludes bibliographical references and index.
650 0 _aNitrogen in agriculture
_zTropics
_vCongresses.
_914366
650 0 _aNitrogen
_xFixation
_vCongresses.
_914367
650 0 _aNitrogen-fixing plants
_zTropics
_vCongresses.
_914368
650 0 _aAgricultural ecology
_zTropics
_vCongresses.
_914369
700 1 _aSerraj, Rachid.
_914370
906 _a7
_bcbc
_corignew
_d1
_eocip
_f20
_gy-gencatlg
942 _2ddc
_cO_SHELF